|
|
|
|
| LEADER |
01623nam a2200409 a 4500 |
| 001 |
000004841 |
| 003 |
CZ BrMZK |
| 005 |
20250219094437.0 |
| 007 |
ta |
| 008 |
940222s1993 xr a f cze d |
| 015 |
|
|
|a cnb000084798
|
| 020 |
|
|
|a 80-7038-319-4
|q (v knize neuvedeno ;
|q váz.)
|z 80-7038-199-X
|
| 035 |
|
|
|a (OCoLC)39602256
|
| 040 |
|
|
|a ABA001
|b cze
|d BOA001
|
| 045 |
|
|
|a v9w9
|
| 080 |
9 |
|
|a 738
|
| 100 |
1 |
|
|a Kybalová, Jana,
|d 1928-2018
|7 jk01071240
|4 aut
|
| 245 |
1 |
0 |
|a Kamenina v Čechách a na Moravě /
|c Jana Kybalová ; fotogr. Gabriel Urbánek ; přebal, vazba a graf. úprava Jan Jiskra
|
| 250 |
|
|
|a 1. vyd.
|
| 260 |
|
|
|a Praha :
|b Panorama,
|c 1993
|
| 300 |
|
|
|a 179 s. :
|b il. (většinou barev.) ;
|c 27 cm
|
| 490 |
1 |
|
|a Poklady uměleckých sbírek
|
| 500 |
|
|
|a Přehled významných sbírek kameniny v ČR a SR
|
| 500 |
|
|
|a Přehled značek české a moravské kameniny
|
| 504 |
|
|
|a Obsahuje bibliografii a rejstříky
|
| 546 |
|
|
|a Německé resumé
|
| 500 |
|
|
|a Dostupné též v digitální podobě v aplikaci Kramerius
|
| 653 |
0 |
|
|a moravská kamenina
|a česká kamenina
|
| 655 |
|
7 |
|a monografie
|7 fd132842
|2 czenas
|
| 700 |
1 |
|
|a Urbánek, Gabriel,
|d 1948-
|7 jo20000082707
|4 pht
|
| 700 |
1 |
|
|a Jiskra, Jan,
|d 1949-
|7 jo20010084269
|4 art
|
| 830 |
|
0 |
|a Poklady uměleckých sbírek
|0 s
|
| 856 |
4 |
1 |
|u http://www.digitalniknihovna.cz/mzk/uuid/uuid:668828b0-f01a-11ef-b4c3-5ef3fc9bb22f
|y Digitalizovaný dokument
|x NDK
|
| 910 |
|
|
|a BOA001
|b 3-0996.775
|
| 990 |
|
|
|a BK
|
| 991 |
|
|
|b 200703
|
| 996 |
6 |
|
|b 2610005871
|c 3-0996.775
|l MZK
|r Sklad / do 1 hodiny
|n 37
|p p.v.
|w 000004841
|u 000010
|a 1
|e BOA001
|j MZK50
|s P
|